000 00841nam a22002417a 4500
003 OSt
005 20251125132839.0
008 251125b |||||||| |||| 00| 0 eng d
020 _a978-1-133-49230-6
040 _aDWC-Main lib
_cOC
082 _2 9th edition
_aCirc. 155.4 S525d 2014
100 _aShaffer, David F.
245 _aDevelopmental psychology :
_bchildhood and adolescence/
_cDavid F. Shaffer
250 _a 9th edition
260 _aU.S.A :
_bCengage Learning ,
_cc2014.
300 _axxvii, 600 pages :
_b color illustrations ;
_c28cm.
504 _aIncludes glossary, index and bibliographical references
650 _a1. Adolescent psychology
650 _a2. Child development
650 _a3. Child psychology
650 _a4. developmental psychology
942 _2ddc
_cBK-CIRC
_e9th edition
_kCirc.
_n0
999 _c6264
_d6264